National Park and AONB to County (England) - Statistics

General Stats
  • This quiz has been taken 10 times
  • The average score is 40 of 44
Answer Stats
Type Area Answer % Correct
NP Peak District Cheshire | Derbyshire | Greater Manchester | Staffordshire | South Yorkshire | West Yorkshire
100%
AONB Cornwall Cornwall
100%
AONB Isles of Scilly Cornwall
100%
AONB North Pennines County Durham | Cumbria | Northumberland | North Yorkshire
100%
NP Lake District Cumbria
100%
NP Yorkshire Dales Cumbria | Lancashire | North Yorkshire
100%
NP Dartmoor Devon
100%
AONB East Devon Devon
100%
AONB North Devon Coast Devon
100%
AONB South Devon Devon
100%
AONB Dorset Dorset
100%
AONB Cranborne Chase and West Wiltshire Downs Dorset | Hampshire | Somerset | Wiltshire
100%
NP South Downs East Sussex | Hampshire | West Sussex
100%
AONB Suffolk & Essex Coast and Heaths Essex | Suffolk
100%
AONB Malvern Hills Gloucestershire | Herefordshire | Worcestershire
100%
AONB Cotswolds Gloucestershire | Oxfordshire | Somerset | Warwickshire | Wiltshire | Worcestershire
100%
AONB Kent Downs Greater London | Kent
100%
NP New Forest Hampshire | Wiltshire
100%
AONB Isle of Wight Isle of Wight
100%
AONB Lincolnshire Wolds Lincolnshire
100%
AONB Norfolk Coast Norfolk
100%
NP The Broads Norfolk | Suffolk
100%
NP Northumberland Northumberland
100%
AONB Northumberland Coast Northumberland
100%
NP North York Moors North Yorkshire
100%
AONB Shropshire Hills Shropshire
100%
NP Exmoor Somerset | Devon
100%
AONB Surrey Hills Surrey
100%
AONB North Wessex Downs Berkshire | Hampshire | Oxfordshire | Wiltshire
89%
AONB Wye Valley Gloucestershire | Herefordshire
89%
AONB Chichester Harbour Hampshire | West Sussex
89%
AONB Nidderdale North Yorkshire
89%
AONB Chilterns Bedfordshire | Buckinghamshire | Hertfordshire | Oxfordshire
78%
AONB Tamar Valley Cornwall | Devon
78%
AONB Solway Coast Cumbria
78%
AONB Arnside and Silverdale Cumbria | Lancashire
78%
AONB Dedham Vale Essex | Suffolk
78%
AONB Forest of Bowland Lancashire | North Yorkshire
78%
AONB Howardian Hills North Yorkshire
78%
AONB High Weald East Sussex | Kent | Surrey | West Sussex
67%
AONB Mendip Hills Somerset
67%
AONB Quantock Hills Somerset
67%
AONB Blackdown Hills Devon | Somerset
56%
AONB Cannock Chase Hampshire | West Sussex
22%
No matching quizzes found
Score Distribution
Percent of People with Each Score
Percentile by Number Answered
Your Score History
You have not taken this quiz